000 00726nam a2200229Ia 4500
003 OSt
005 20220928121359.0
006 a|||||r|||| 00| 0
007 ta
008 220927b |||||||| |||| 00| 0 eng d
024 _a30260
037 _cTextual
040 _aSDCL
_cSDCL
_beng
041 _2eng
_aeng
082 _aX9:1:(D66).2'N7, M1
100 _aPRODUCTION,COST CONTROL AND CONSULTATION SERVICES (Bombay)
_9451767
245 0 _aSavings in electricity bills in industry
260 _aDelhi
_bAgricole Publishing Academy
_c1981
300 _axii,80p
_ccm.
942 _hX9:1:(D66).2'N7, M1
_cTEXL
_2CC
999 _c765787
_d765787